000 00300nam a22001337a 4500
008 170915b xxu||||| |||| 00| 0 eng d
020 _a9780495502852
041 _aeng
080 _27 ED
_a7
100 _a44
101 _aART
245 _aWESTERN CIVILIZATION
_cSPIELVOGEL.J.J
942 _2udc
_cBK
999 _c27835
_d27835